| 000 | 00370nam a22001337a 4500 | ||
|---|---|---|---|
| 020 | _a9788120337527 | ||
| 040 | _cNUST | ||
| 082 |
_a621.381 _bMEM |
||
| 100 |
_aP.Rai Choudhury _9124386 |
||
| 245 | _aMEMS and MOEMS Technology and Application | ||
| 260 |
_aIndia: _bPHI Learning, _c2000. |
||
| 650 |
_aMEMS and MOEMS Technology and Application _9124387 |
||
| 942 |
_2ddc _cBK |
||
| 999 |
_c610263 _d610263 |
||